000 00304pam a2200133 a 4500
020 _c
041 _h
082 _a745.674
_bCAR
100 _aPater Pairica Carter .
245 _aIlluminated Alphabates
_hTextual Documents
260 _a[s.l]:
_bSearch press
300 _a64:
_bpaper.
930 _a6778
999 _c240568
_d240568